Хитрово Софьи

Доступно только в Электронных читальных залах Найти на картеНа карте
RUSMARC
00003765nac2a22002771x 450
001138d15ac-5e90-44ce-a93d-aa91dd207e6c
00520131119102548.0
100##$a20130605l1927 k y0rusy50 ca
1010#$arus
102##$aRU
105##$ay z |||||
2001#$aХитрово Софьи
$j[19--]
215##$a6 листов
251##$cДело
300##$aЗаголовок дела на папке: Письма Хитрово Софьи Кони Анатолию Федоровичу
300##$a3 письма
300##$aРукописный текст
330##$aПереписка А. Ф. Кони; Письма к А. Ф. Кони
461#0$10013a54f2e3-e9cf-409b-80fa-f0a9bd3c40cb
$12001
$aКони Анатолий Федорович, юрист, литератор, член академии наук, председатель Санкт-Петербургского окружного суда, член государственного совета
$1251
$cФонд
$1852
$j564
462#0$100178a475cd-a47d-4377-bff3-cee4b81de655
$12001
$aОпись дел фонда А. Ф. Кони за 1880-1931 гг.
$1251
$cОпись
$1852
$j1
517##$aПисьма Хитрово Софьи Кони Анатолию Федоровичу
600#1$aКони
$bА. Ф.
$f1844-1927
$gАнатолий Федорович
600#1$aХитрово
$bС.
$gСофья
801#0$aRU
$bGA_RF
801#1$aRU
$bНПО Опыт
$c20130605
$2rusmarc
801#2$aRU
$bПБ им. Б.Н. Ельцина
$c20131119
$gRCR
$2rusmarc
852##$aГА РФ
$j3602
937##$d41801319
$hПБ
035##$aRuPRLIB51006228
Формат отображения